[Event "46th World Open"]
[Site "Philadelphia"]
[Date "2018.07.06"]
[Round "4"]
[White "Abhimanyu Mishra"]
[Black "Corey Acor"]
[Result "0-1"]
[WhiteElo "2033"]
[BlackElo "2269"]
[PlyCount "152"]
[EventDate "2018.07.??"]
[EventType "swiss"]
[EventRounds "9"]
[EventCountry "USA"]

1. e4 e5 2. Nf3 Nc6 3. Bc4 Bc5 4. c3 Nf6 5. d3 O-O 6. O-O d6 7. Nbd2 Kh8 8. Nb3
Bb6 9. Bg5 h6 10. Bh4 Be6 11. Nbd2 Rg8 12. Re1 g5 13. Bg3 Qe7 14. Bxe6 fxe6 15.
Nc4 Nd7 16. a4 a5 17. Nxb6 Nxb6 18. Nd2 Raf8 19. f3 Nd7 20. Nc4 Qf6 21. Ne3 b6
22. Qe2 Rg7 23. Rad1 h5 24. h3 Rfg8 25. Rd2 Nf8 26. Qd1 Ng6 27. d4 Nf4 28. Bf2
Rf7 29. b3 Rh7 30. Bg3 Rg6 31. Bf2 Rf7 32. Bg3 Kh7 33. Rf1 exd4 34. cxd4 Nxd4
35. Rff2 Nc6 36. Nc4 Rg8 37. Rf1 e5 38. Ne3 Nd4 39. Kh2 Qe6 40. Rb2 Rgf8 41.
Bxf4 Rxf4 42. Kg1 R4f7 43. Rff2 Qh6 44. Qe1 Qf6 45. Nd5 Qe6 46. Qd1 Kg7 47. Ne3
Kg8 48. Rf1 c6 49. Rff2 d5 50. exd5 cxd5 51. Nc2 Nf5 52. Ne1 Ng3 53. Rbd2 d4
54. Nd3 Nf5 55. Qb1 Ne3 56. Rde2 Rc8 57. Rd2 Rfc7 58. b4 e4 59. fxe4 Qxe4 60.
bxa5 bxa5 61. Qb5 g4 62. Rf4 Rc1+ 63. Kh2 g3+ 64. Kxg3 Qg6+ 65. Kh2 h4 66. Rf3
Qd6+ 67. Nf4 R8c5 68. Qe8+ Kg7 69. Rdf2 Re1 70. Qa8 Rcc1 71. Qa7+ Kh6 72. Rf1
Nxf1+ 73. Rxf1 Rxf1 74. Qg7+ Kxg7 75. g3 Qxf4 76. gxf4 Rf2# 0-1

[Event "46th World Open"]
[Site "Philadelphia"]
[Date "2018.07.06"]
[Round "4"]
[White "Abhimanyu Puranik"]
[Black "Hans Niemann"]
[Result "1/2-1/2"]
[WhiteElo "2507"]
[BlackElo "2313"]
[PlyCount "65"]
[EventDate "2018.07.??"]
[EventType "swiss"]
[EventRounds "9"]
[EventCountry "USA"]

1. Nf3 d5 2. g3 Nf6 3. Bg2 c6 4. d3 Bg4 5. Nbd2 Nbd7 6. h3 Bh5 7. O-O e5 8. e4
Bd6 9. a4 O-O 10. Qe1 Re8 11. Nh4 Qc7 12. Kh1 Rad8 13. Nf5 Bb4 14. c3 Bf8 15.
b4 d4 16. Bb2 a5 17. cxd4 Bxb4 18. Qe3 Bg6 19. Nh4 exd4 20. Bxd4 Nd5 21. Qe1
Nc5 22. Bxc5 Bxc5 23. Nxg6 hxg6 24. Qc1 Bd4 25. exd5 Bxa1 26. Qxa1 cxd5 27. Qd4
Qe5 28. Nf3 Qxd4 29. Nxd4 Rc8 30. Rd1 Red8 31. Rb1 Rc3 32. Rxb7 Rxd3 33. Nf3
1/2-1/2

[Event "46th World Open"]
[Site "Philadelphia"]
[Date "2018.07.06"]
[Round "4"]
[White "Alex Shimanov"]
[Black "Nikola Nestorovic"]
[Result "1-0"]
[WhiteElo "2626"]
[BlackElo "2450"]
[PlyCount "73"]
[EventDate "2018.07.??"]
[EventType "swiss"]
[EventRounds "9"]
[EventCountry "USA"]

1. d4 Nf6 2. Nf3 b6 3. Bg5 e6 4. Nbd2 Bb7 5. e3 h6 6. Bh4 d6 7. h3 Nbd7 8. Bd3
e5 9. e4 g5 10. Bg3 Nh5 11. dxe5 Nxg3 12. fxg3 dxe5 13. Qe2 Nc5 14. Nxe5 Nxd3+
15. Qxd3 Bg7 16. O-O-O O-O 17. Ng4 Qxd3 18. cxd3 Rad8 19. Nf3 f5 20. Nf2 c5 21.
Rhe1 a5 22. g4 fxe4 23. dxe4 a4 24. Rxd8 Rxd8 25. Re3 Kf7 26. Nh1 Ba6 27. Ng3
Bc4 28. a3 Bb3 29. Re1 b5 30. Nf5 Bf8 31. Rf1 Ke8 32. Ne5 b4 33. Ng6 Bc4 34.
Rf2 Bb3 35. Rd2 Rxd2 36. Kxd2 bxa3 37. bxa3 1-0

[Event "46th World Open"]
[Site "Philadelphia"]
[Date "2018.07.06"]
[Round "4"]
[White "Eric Cooke"]
[Black "Taran Sohal"]
[Result "0-1"]
[WhiteElo "2098"]
[BlackElo "2299"]
[PlyCount "135"]
[EventDate "2018.07.??"]
[EventType "swiss"]
[EventRounds "9"]
[EventCountry "USA"]

1. d4 Nf6 2. c4 e6 3. Nf3 d5 4. Nc3 Nbd7 5. Bg5 Be7 6. e3 O-O 7. Bd3 a6 8. cxd5
exd5 9. O-O c6 10. Qc2 Re8 11. Rad1 g6 12. Rfe1 Nf8 13. h3 Ne6 14. Bh6 Ng7 15.
Qb3 Ra7 16. a3 Nf5 17. Bf4 Be6 18. Ng5 Bc8 19. Nf3 Nd6 20. Bb1 Nh5 21. Bh2 Ng7
22. Ne5 Be6 23. Nd3 Ne4 24. Nf4 Nxc3 25. Nxe6 Ne2+ 26. Rxe2 Nxe6 27. e4 dxe4
28. Rxe4 Bd6 29. Bxd6 Qxd6 30. Ba2 Raa8 31. Qe3 Ng7 32. f3 Rad8 33. Qb3 Qd7 34.
Qc4 Nf5 35. Qd3 Rxe4 36. Qxe4 Nxd4 37. Kh1 c5 38. b4 b6 39. bxc5 bxc5 40. Bc4
Qa4 41. Rc1 Qxa3 42. Rb1 Rf8 43. Kh2 Qc3 44. Bxa6 Qa5 45. Bc4 Qc7+ 46. Kg1 Rb8
47. Re1 Qd6 48. f4 Nf5 49. Kh2 Kg7 50. Ra1 Rc8 51. Ra7 Rc7 52. Rxc7 Qxc7 53. g4
Nd4 54. Kg1 h6 55. Kf2 g5 56. fxg5 Qh2+ 57. Ke1 hxg5 58. Bd3 Qg3+ 59. Kd2 Ne6
60. Qe3 Qf4 61. Qxf4 Nxf4 62. Bf1 Kf6 63. Ke3 Ke5 64. Kf3 f6 65. Kg3 Ng6 66.
Bd3 Nh4 67. Kf2 Kd4 68. Ke2 0-1

[Event "46th World Open"]
[Site "Philadelphia"]
[Date "2018.07.06"]
[Round "4"]
[White "Ernest Colding"]
[Black "Seth Homa"]
[Result "1/2-1/2"]
[WhiteElo "2044"]
[BlackElo "2239"]
[PlyCount "72"]
[EventDate "2018.07.??"]
[EventType "swiss"]
[EventRounds "9"]
[EventCountry "USA"]

1. e4 c5 2. d4 cxd4 3. c3 dxc3 4. Nxc3 Nc6 5. Nf3 e6 6. Bc4 a6 7. O-O b5 8. Bb3
Na5 9. Re1 Bb7 10. Bf4 d6 11. Bd5 exd5 12. e5 dxe5 13. Bxe5 Ne7 14. Ng5 Qb6 15.
Bxg7 Bxg7 16. Rxe7+ Kxe7 17. Nxd5+ Bxd5 18. Qxd5 Ra7 19. Re1+ Kf8 20. Qf5 Bf6
21. Ne6+ fxe6 22. Qxf6+ Rf7 23. Qxh8+ Ke7 24. Re3 Qc5 25. h3 Qc2 26. Rf3 Rxf3
27. gxf3 Qg6+ 28. Kh2 Nc4 29. Qd4 Qf5 30. f4 Nd6 31. Qa7+ Kf8 32. Qb8+ Ne8 33.
Kg3 Qd3+ 34. Kg4 Qe2+ 35. Kg3 Qxb2 36. Qa7 Qg7+ 1/2-1/2

[Event "46th World Open"]
[Site "Philadelphia"]
[Date "2018.07.06"]
[Round "4"]
[White "Evgeny Shtembuliak"]
[Black "Todd Andrews"]
[Result "1-0"]
[WhiteElo "2517"]
[BlackElo "2243"]
[PlyCount "61"]
[EventDate "2018.07.??"]
[EventType "swiss"]
[EventRounds "9"]
[EventCountry "USA"]

1. Nf3 Nf6 2. g3 c5 3. Bg2 g6 4. O-O Bg7 5. c4 Nc6 6. Nc3 O-O 7. d4 cxd4 8.
Nxd4 Nxd4 9. Qxd4 d6 10. Bg5 Be6 11. Qf4 Rb8 12. Rac1 Qa5 13. b3 a6 14. Qd2
Rfc8 15. Be3 Qh5 16. Ba7 Ra8 17. Bd4 Rab8 18. Rfd1 b5 19. Nd5 Nxd5 20. cxd5
Rxc1 21. Rxc1 Bh6 22. Be3 Bxe3 23. Qxe3 Bxd5 24. Qxe7 Bxg2 25. Kxg2 Qd5+ 26. e4
Qd2 27. Rc7 Rf8 28. a3 Qd3 29. Rd7 Qxb3 30. Rxd6 Qxa3 31. Rxg6+ 1-0

[Event "46th World Open"]
[Site "Philadelphia"]
[Date "2018.07.06"]
[Round "4"]
[White "Forest Chen"]
[Black "Joshua Colas"]
[Result "1-0"]
[WhiteElo "2107"]
[BlackElo "2322"]
[PlyCount "109"]
[EventDate "2018.07.??"]
[EventType "swiss"]
[EventRounds "9"]
[EventCountry "USA"]

1. d4 e6 2. c4 Bb4+ 3. Bd2 Bxd2+ 4. Qxd2 Nf6 5. Nc3 d5 6. e3 O-O 7. Nf3 Qe7 8.
cxd5 exd5 9. Bd3 Rd8 10. O-O Nc6 11. a3 Bg4 12. Qc2 Bxf3 13. gxf3 Nb8 14. Ne2
c6 15. b4 Nbd7 16. Rfc1 Rac8 17. Bf5 g6 18. Bh3 Ra8 19. Nf4 Ne8 20. b5 cxb5 21.
Qb3 Nb6 22. Qxb5 Nd6 23. Qc5 Qg5+ 24. Kh1 Qh4 25. Kg2 Ndc4 26. Rc2 Rac8 27.
Bxc8 Rxc8 28. Rxc4 Rxc5 29. Rxc5 Qg5+ 30. Kf1 Qf5 31. Ke2 g5 32. Nd3 g4 33. Ne5
gxf3+ 34. Nxf3 Nc4 35. Rg1+ Kf8 36. Rg5 Qc2+ 37. Kf1 Qd1+ 38. Kg2 Qe2 39. Rc8+
Ke7 40. Rc7+ Ke6 41. Kg3 h6 42. Rh5 Nd6 43. Rxh6+ f6 44. Rhh7 Nf5+ 45. Kg2
Nxe3+ 46. Kg3 Nf5+ 47. Kg2 Qe4 48. h3 Qe2 49. Rxb7 Ne3+ 50. Kg3 Nf1+ 51. Kg2
Kf5 52. Rbe7 Qd3 53. Rhg7 Nh2 54. Nxh2 Qxd4 55. Nf3 1-0

[Event "46th World Open"]
[Site "Philadelphia"]
[Date "2018.07.06"]
[Round "4"]
[White "Keaton Kiewra"]
[Black "Andrew Titus"]
[Result "1-0"]
[WhiteElo "2367"]
[BlackElo "2118"]
[PlyCount "67"]
[EventDate "2018.07.??"]
[EventType "swiss"]
[EventRounds "9"]
[EventCountry "USA"]

1. Nf3 Nf6 2. c4 e6 3. g3 d5 4. d4 Bb4+ 5. Nbd2 O-O 6. Bg2 c5 7. O-O cxd4 8.
Nxd4 Be7 9. cxd5 Nxd5 10. Nc4 b6 11. e4 Nf6 12. e5 Nd5 13. Nf5 Bb7 14. Ncd6
Bxd6 15. Nxd6 Bc6 16. Qg4 Kh8 17. Bg5 Qd7 18. Rfe1 f5 19. exf6 Nxf6 20. Qxe6
Qxe6 21. Rxe6 Bxg2 22. Kxg2 Nbd7 23. Rd1 Kg8 24. Re7 a5 25. Nc4 b5 26. Nd6 Rab8
27. f3 b4 28. b3 a4 29. g4 axb3 30. axb3 Ra8 31. Rd4 Rab8 32. Rc4 h6 33. Bxf6
Nxf6 34. Rcc7 1-0

[Event "46th World Open"]
[Site "Philadelphia"]
[Date "2018.07.06"]
[Round "4"]
[White "Nikhil Kumar"]
[Black "Ruifeng Li"]
[Result "0-1"]
[WhiteElo "2300"]
[BlackElo "2583"]
[PlyCount "80"]
[EventDate "2018.07.??"]
[EventType "swiss"]
[EventRounds "9"]
[EventCountry "USA"]

1. d4 Nf6 2. Nf3 g6 3. e3 Bg7 4. Be2 O-O 5. O-O d6 6. c4 Nbd7 7. Nc3 e5 8. Qc2
Re8 9. Rd1 e4 10. Nd2 Qe7 11. b4 h5 12. Bb2 Nf8 13. Rac1 Bf5 14. d5 h4 15. h3
N8h7 16. c5 Ng5 17. Bf1 Qd7 18. Nb5 a6 19. Nd4 Bxh3 20. gxh3 Nxh3+ 21. Bxh3
Qxh3 22. Ne2 Ng4 23. Nf1 g5 24. Bxg7 Kxg7 25. Nd4 dxc5 26. bxc5 Rad8 27. d6
cxd6 28. cxd6 Kh8 29. Qb2 Ne5 30. Nh2 Rxd6 31. Ne2 Kg8 32. Rxd6 Nf3+ 33. Nxf3
exf3 34. Rg6+ fxg6 35. Qb3+ Kg7 36. Rc7+ Kh6 37. Nf4 gxf4 38. Rh7+ Kxh7 39.
Qf7+ Kh6 40. Qxf4+ Kh5 0-1

[Event "46th World Open"]
[Site "Philadelphia"]
[Date "2018.07.06"]
[Round "4"]
[White "Rushaan Mahajan"]
[Black "Grant Xu"]
[Result "0-1"]
[WhiteElo "1905"]
[BlackElo "2171"]
[PlyCount "72"]
[EventDate "2018.07.??"]
[EventType "swiss"]
[EventRounds "9"]
[EventCountry "USA"]

1. d4 Nf6 2. Bf4 b6 3. e3 Bb7 4. Nf3 g6 5. Be2 Bg7 6. h3 O-O 7. O-O d6 8. Bh2
Nbd7 9. c4 Ne4 10. Nfd2 Nxd2 11. Qxd2 e5 12. d5 f5 13. Nc3 a5 14. e4 f4 15. g4
f3 16. Bd3 Qh4 17. Rfd1 Bh6 18. Bg3 Qxh3 19. Bf1 Qxf1+ 20. Kxf1 Bxd2 21. Rxd2
g5 22. Rd3 Nc5 23. Re3 Bc8 24. Ke1 Bxg4 25. Kd2 Bd7 26. Rg1 h6 27. Bh2 Rf7 28.
Rg3 Raf8 29. Rg1 Kg7 30. Bg3 Bh3 31. Nb5 Bg2 32. Na3 h5 33. Nc2 h4 34. Bh2 g4
35. Ne1 g3 36. Nxg2 gxh2 0-1

[Event "46th World Open"]
[Site "Philadelphia"]
[Date "2018.07.06"]
[Round "4"]
[White "Thal Abergel"]
[Black "Alexandre Kretchetov"]
[Result "1-0"]
[WhiteElo "2428"]
[BlackElo "2242"]
[PlyCount "51"]
[EventDate "2018.07.??"]
[EventType "swiss"]
[EventRounds "9"]
[EventCountry "USA"]

1. e4 e5 2. Nf3 Nc6 3. Bb5 g6 4. d4 exd4 5. Bg5 Be7 6. Bxe7 Qxe7 7. Bxc6 dxc6
8. Qxd4 Nf6 9. Nc3 Bg4 10. Nd2 c5 11. Qe3 O-O-O 12. h3 Bd7 13. O-O-O Bc6 14. f3
h5 15. Nc4 b6 16. h4 Qe6 17. b3 Rd7 18. Qg5 Re8 19. Rhe1 Bb7 20. Qf4 Rxd1+ 21.
Rxd1 Ba6 22. Nd6+ cxd6 23. Rxd6 Qe5 24. Qxe5 Rxe5 25. Rxf6 g5 26. g3 1-0

[Event "46th World Open"]
[Site "Philadelphia"]
[Date "2018.07.06"]
[Round "4"]
[White "Tigran Petrosian"]
[Black "Deepak Aaron"]
[Result "1-0"]
[WhiteElo "2607"]
[BlackElo "2338"]
[PlyCount "147"]
[EventDate "2018.07.??"]
[EventType "swiss"]
[EventRounds "9"]
[EventCountry "USA"]

1. b3 e6 2. Bb2 Nf6 3. Nf3 b6 4. e3 Bb7 5. d4 d5 6. Bd3 Bd6 7. O-O Nbd7 8. a4
O-O 9. a5 bxa5 10. Rxa5 c5 11. Ra2 Qb8 12. Nbd2 cxd4 13. exd4 Ne4 14. h3 Bb4
15. Qe2 Ndf6 16. Qe3 Qc7 17. c4 a5 18. c5 Ba6 19. Bxa6 Rxa6 20. Rfa1 Rb8 21.
Nf1 Nd7 22. Qd3 Qb7 23. Ne3 Qb5 24. Qc2 Rc8 25. Ra4 Nb6 26. R4a2 Nd7 27. g3
Rac6 28. Kg2 R6c7 29. Ng4 Qb7 30. Nge5 Ndxc5 31. dxc5 Bxc5 32. Qd3 Bxf2 33. Ng4
Bxg3 34. Bd4 f5 35. Ne3 Bf4 36. Nf1 Qc6 37. Rxa5 Qe8 38. Kh1 Qh5 39. Ng1 Rc3
40. Qd1 Qh4 41. Ra8 Bb8 42. R1a2 Rc1 43. Qxc1 Rxc1 44. Rxb8+ Kf7 45. Ra7+ Kg6
46. Rxg7+ Kh6 47. Rxh7+ Kxh7 48. Rh8+ Kg6 49. Rxh4 Rxf1 50. Kg2 Rb1 51. Rh8
Rxb3 52. Ne2 Kf7 53. Nf4 Nf6 54. Rh6 Ne4 55. Rh7+ Ke8 56. Nxe6 Rg3+ 57. Kh2 Rd3
58. Bc5 Rd2+ 59. Kg1 Nxc5 60. Nxc5 f4 61. Ne6 f3 62. Kf1 d4 63. Ng5 f2 64. Ne4
Ra2 65. Nxf2 Kf8 66. Rd7 Ra4 67. Ke2 Ke8 68. Rb7 Ra3 69. Rb4 Kf7 70. Rxd4 Kg6
71. Rd3 Ra8 72. Kf3 Rf8+ 73. Kg3 Kg5 74. Ng4 1-0

[Event "46th World Open"]
[Site "Philadelphia"]
[Date "2018.07.06"]
[Round "4"]
[White "Yiping Lou"]
[Black "Ehsan Ghaemmaghami"]
[Result "1/2-1/2"]
[WhiteElo "2487"]
[BlackElo "2537"]
[PlyCount "30"]
[EventDate "2018.07.??"]
[EventType "swiss"]
[EventRounds "9"]
[EventCountry "USA"]

1. d4 Nf6 2. c4 e6 3. Nc3 Bb4 4. Qc2 O-O 5. a3 Bxc3+ 6. Qxc3 b6 7. Bg5 Bb7 8.
e3 d6 9. Ne2 Nbd7 10. Qc2 c5 11. Rd1 cxd4 12. Nxd4 a6 13. f3 Rc8 14. Qd2 Ne5
15. b3 Ng6 1/2-1/2

[Event "46th World Open"]
[Site "Philadelphia"]
[Date "2018.07.06"]
[Round "5.1"]
[White "Le, Quang Liem"]
[Black "Shimanov, Aleksandr"]
[Result "1-0"]
[WhiteElo "2728"]
[BlackElo "2626"]
[PlyCount "91"]
[EventDate "2018.07.??"]
[EventType "swiss"]
[EventRounds "9"]
[EventCountry "USA"]

1. d4 Nf6 2. c4 e6 3. Nc3 d5 4. cxd5 Nxd5 5. e4 Nxc3 6. bxc3 c5 7. a3 g6 8. Nf3
Bg7 9. Be2 O-O 10. h4 Nc6 11. Be3 Qa5 12. Bd2 Qd8 13. Be3 Qa5 14. O-O Qxc3 15.
Rc1 Qxa3 16. Rxc5 Rd8 17. Qc2 Nb4 18. Qd2 b6 19. Rc7 Na6 20. Rc3 Qa5 21. Qb2
Qb4 22. Qa1 Nb8 23. Rc7 Nd7 24. e5 Qa5 25. Qb2 b5 26. Rfc1 b4 27. Bg5 Re8 28.
Nd2 h6 29. Be3 Nb6 30. Nb3 Qa3 31. Qc2 Ba6 32. Ra1 Qxa1+ 33. Nxa1 Bxe2 34. Qxe2
Nd5 35. Rb7 a5 36. Qf3 Rf8 37. Bd2 Rab8 38. Rxb8 Rxb8 39. Qb3 Nb6 40. Qd3 Nd5
41. Qc2 Bf8 42. Qa4 Ra8 43. g3 h5 44. Kg2 Be7 45. Nb3 Kg7 46. Nxa5 1-0

[Event "46th World Open"]
[Site "Philadelphia"]
[Date "2018.07.06"]
[Round "5.2"]
[White "Stetsenko, Ilya"]
[Black "Swiercz, Dariusz"]
[Result "1/2-1/2"]
[WhiteElo "1467"]
[BlackElo "2663"]
[PlyCount "146"]
[EventDate "2018.07.??"]
[EventType "swiss"]
[EventRounds "9"]
[EventCountry "USA"]

1. e4 e5 2. Nf3 Nc6 3. Bb5 Nf6 4. d3 Bc5 5. c3 O-O 6. O-O d6 7. h3 Ne7 8. d4
Bb6 9. Re1 d5 10. Nxe5 Nxe4 11. Nd2 Nd6 12. Bd3 f6 13. Nef3 Bf5 14. Nb3 Bxd3
15. Qxd3 Re8 16. Bf4 Ne4 17. a4 Ng6 18. Bh2 c6 19. Nfd2 Nxd2 20. Qxd2 a6 21. a5
Ba7 22. Rxe8+ Qxe8 23. Bd6 Qd7 24. Bc5 Bb8 25. Re1 Kf7 26. Qe2 Bc7 27. Bb4 Re8
28. Qxe8+ Qxe8 29. Rxe8 Kxe8 30. Nc5 Nf4 31. Kf1 b6 32. Nxa6 Kd7 33. axb6 Bxb6
34. Bc5 Bc7 35. h4 h5 36. g3 Ne6 37. Ba3 Ba5 38. Ke2 g5 39. hxg5 fxg5 40. Kf3
g4+ 41. Ke3 Bc7 42. Nb4 Ng5 43. Nd3 Nf3 44. Nc5+ Kc8 45. Ne6 Bb8 46. Ng7 h4 47.
gxh4 Nxh4 48. Nh5 Nf5+ 49. Ke2 Bh2 50. Nf6 g3 51. fxg3 Bxg3 52. Kf3 Bc7 53. Ng4
Kd7 54. Nf2 Ng3 55. Nd3 Ne4 56. Bf8 Ke6 57. Bh6 Bd6 58. Bf4 Be7 59. Bc7 Nd2+
60. Kg4 Nc4 61. Bf4 Nb6 62. b3 Nd7 63. Bg5 Bd6 64. Bd8 c5 65. Nf4+ Bxf4 66.
Kxf4 cxd4 67. cxd4 Nb8 68. Bb6 Kd6 69. Kf5 Kc6 70. Ba5 Kb5 71. Bc3 Nc6 72. Ke6
Nxd4+ 73. Bxd4 Kb4 1/2-1/2

[Event "46th World Open"]
[Site "Philadelphia"]
[Date "2018.07.06"]
[Round "5.4"]
[White "Liang, Awonder"]
[Black "Ipatov, Alexander"]
[Result "1/2-1/2"]
[WhiteElo "2569"]
[BlackElo "2650"]
[PlyCount "31"]
[EventDate "2018.07.??"]
[EventType "swiss"]
[EventRounds "9"]
[EventCountry "USA"]

1. e4 e5 2. Nf3 Nc6 3. Bc4 Bc5 4. d3 Nf6 5. Nc3 h6 6. O-O a6 7. Be3 d6 8. Nd5
Be6 9. Nxf6+ Qxf6 10. Bxc5 dxc5 11. Bd5 Nd4 12. Nxd4 Bxd5 13. Nb3 Bxb3 14. axb3
a5 15. Qd2 b6 16. Qc3 1/2-1/2

[Event "46th World Open"]
[Site "Philadelphia"]
[Date "2018.07.06"]
[Round "5"]
[White "Andrews, Todd"]
[Black "Li, Ben"]
[Result "0-1"]
[WhiteElo "2243"]
[BlackElo "2372"]
[PlyCount "94"]
[EventDate "2018.07.??"]
[EventType "swiss"]
[EventRounds "9"]
[EventCountry "USA"]

1. d4 d5 2. c4 e6 3. Nf3 Nf6 4. e3 c5 5. Bd3 dxc4 6. Bxc4 a6 7. O-O b5 8. Bd3
Bb7 9. Qe2 Nbd7 10. a4 b4 11. Nbd2 cxd4 12. exd4 Be7 13. a5 O-O 14. Nc4 Qc7 15.
Nfe5 Nxe5 16. dxe5 Nd5 17. Bd2 Rfd8 18. Rac1 Qd7 19. Rfd1 Rac8 20. h4 Bc6 21.
b3 Bb5 22. Qf3 Qa7 23. h5 Nc3 24. Be3 Qb8 25. Rd2 Bxc4 26. Bxc4 Qxe5 27. Rxd8+
Rxd8 28. Bb6 Rc8 29. Qb7 Rxc4 30. bxc4 Ne2+ 31. Kf1 Nxc1 32. Qxe7 Qe2+ 33. Kg1
Qd1+ 34. Kh2 Qxh5+ 35. Kg1 Ne2+ 36. Kf1 h6 37. Qd8+ Kh7 38. Qd3+ f5 39. g4 Nc1
40. Qf3 Qxg4 41. Qxg4 fxg4 42. c5 b3 43. c6 b2 44. c7 b1=Q 45. c8=Q Qd3+ 46.
Kg1 Ne2+ 47. Kf1 Qd1+ 0-1

[Event "46th World Open"]
[Site "Philadelphia"]
[Date "2018.07.06"]
[Round "5"]
[White "Colas, Joshua"]
[Black "Cooke, Eric"]
[Result "1-0"]
[WhiteElo "2322"]
[BlackElo "2098"]
[PlyCount "111"]
[EventDate "2018.07.??"]
[EventType "swiss"]
[EventRounds "9"]
[EventCountry "USA"]

1. Nf3 Nf6 2. d4 g6 3. c4 Bg7 4. Nc3 O-O 5. g3 c5 6. d5 d6 7. Bg2 e6 8. O-O
exd5 9. cxd5 a6 10. a4 Re8 11. Nd2 Nbd7 12. h3 Nh5 13. Nc4 Ne5 14. Nxe5 Bxe5
15. e4 Rb8 16. Be3 b5 17. axb5 axb5 18. Qd2 Bg7 19. Bg5 Qb6 20. Rfe1 b4 21. Na4
Qc7 22. g4 Nf6 23. e5 dxe5 24. d6 Qd8 25. Nxc5 h6 26. Bxf6 Qxf6 27. d7 Rd8 28.
dxc8=Q Rbxc8 29. Qe3 Qe7 30. Rac1 Kh8 31. Nd3 Rxc1 32. Rxc1 f5 33. Re1 e4 34.
Nf4 Kh7 35. Qb6 Rd6 36. Qxb4 Qe5 37. Ne2 Rd3 38. gxf5 gxf5 39. Ng3 Rd4 40. Qb7
Qa5 41. Rf1 Kg6 42. Ne2 Rd6 43. Nf4+ Kh7 44. Nh5 Rg6 45. Rd1 e3 46. fxe3 Qc5
47. Qf3 Bf8 48. Nf4 Rb6 49. Rd7+ Kh8 50. Qg3 Qc8 51. Bd5 Qc1+ 52. Kh2 Qxb2+ 53.
Ng2 Bg7 54. Rd8+ Kh7 55. Bg8+ Kh8 56. Be6+ 1-0

[Event "46th World Open"]
[Site "Philadelphia"]
[Date "2018.07.06"]
[Round "5"]
[White "Gurevich, Daniel"]
[Black "Acor, Corey"]
[Result "1-0"]
[WhiteElo "2471"]
[BlackElo "2269"]
[PlyCount "84"]
[EventDate "2018.07.??"]
[EventType "swiss"]
[EventRounds "9"]
[EventCountry "USA"]

1. Nf3 d6 2. d4 g6 3. e4 Bg7 4. Nc3 Nd7 5. h4 h6 6. Bc4 e5 7. dxe5 dxe5 8. h5
g5 9. b3 c6 10. a4 Qc7 11. Ba3 Bf8 12. Bb2 Ngf6 13. Nd2 Bb4 14. Qf3 Ke7 15. Nd1
Nb6 16. c3 Bd6 17. a5 Nbd7 18. Ne3 Nc5 19. g3 g4 20. Qg2 Be6 21. b4 Ncd7 22.
Bxe6 fxe6 23. Ndc4 Qb8 24. Rd1 Bc7 25. Ba3 Kf7 26. Nxg4 b5 27. Nce3 Qg8 28. f3
Ke7 29. c4 Rf8 30. Nxf6 Nxf6 31. Bc1 Bd6 32. c5 Bc7 33. Ke2 Qf7 34. g4 Rhg8 35.
Rd3 Rd8 36. Rxd8 Rxd8 37. Rd1 Rd4 38. Nc2 Rc4 39. Ke1 Qg7 40. Qd2 Nxh5 41. Qd7+
Kf6 42. Qe8 Rxc2 1-0

[Event "46th World Open"]
[Site "Philadelphia"]
[Date "2018.07.06"]
[Round "5"]
[White "Hilby, Craig"]
[Black "Petrosian, Tigran L"]
[Result "0-1"]
[WhiteElo "2426"]
[BlackElo "2607"]
[PlyCount "86"]
[EventDate "2018.07.??"]
[EventType "swiss"]
[EventRounds "9"]
[EventCountry "USA"]

1. d4 d6 2. e4 Nf6 3. Nc3 c6 4. f4 Qa5 5. e5 Ne4 6. Qf3 Nxc3 7. Bd2 Bf5 8. Bd3
Bxd3 9. cxd3 Qd5 10. bxc3 e6 11. Qe2 dxe5 12. dxe5 c5 13. c4 Qd7 14. Nf3 Nc6
15. Bc3 Be7 16. O-O O-O 17. Qe4 Rad8 18. Rad1 h6 19. g4 f5 20. exf6 Bxf6 21.
Bxf6 Rxf6 22. g5 hxg5 23. fxg5 Rf5 24. h4 Rdf8 25. Nh2 Ne5 26. Rxf5 Rxf5 27.
Kg2 Qd6 28. Qxb7 Nxd3 29. Rf1 Ne1+ 30. Kh1 Rxf1+ 31. Nxf1 Qf4 32. Nh2 Qxc4 33.
Qb8+ Kh7 34. g6+ Kh6 35. Qh8+ Kxg6 36. Qe8+ Kh6 37. Qh8+ Kg6 38. Qe8+ Kf5 39.
Qf7+ Ke4 40. Ng4 Qd5 41. Kg1 Nf3+ 42. Kg2 Nxh4+ 43. Kh3 Nf5 0-1

[Event "46th World Open"]
[Site "Philadelphia"]
[Date "2018.07.06"]
[Round "5"]
[White "Homa, Seth"]
[Black "Kis, Lorand Bela"]
[Result "0-1"]
[WhiteElo "2239"]
[BlackElo "2060"]
[PlyCount "64"]
[EventDate "2018.07.??"]
[EventType "swiss"]
[EventRounds "9"]
[EventCountry "USA"]

1. c4 g6 2. Nf3 Bg7 3. d4 Nf6 4. e3 O-O 5. Be2 c5 6. d5 e6 7. Nc3 exd5 8. cxd5
d6 9. O-O Bg4 10. e4 Re8 11. h3 Bxf3 12. Bxf3 a6 13. a4 Nbd7 14. Bf4 Qc7 15.
Qc2 Rab8 16. a5 b5 17. axb6 Rxb6 18. Ra2 Ra8 19. Be2 Ne8 20. Bc1 Qd8 21. Na4
Rb7 22. Bd2 Nc7 23. Nc3 Nb5 24. Nxb5 axb5 25. Rfa1 Rxa2 26. Rxa2 Bd4 27. b3 Qf6
28. Ra8+ Kg7 29. Bf3 Ne5 30. Qc1 h5 31. Bg5 Nxf3+ 32. Kh1 Nxg5 0-1

[Event "46th World Open"]
[Site "Philadelphia"]
[Date "2018.07.06"]
[Round "5"]
[White "Jacobson, Brandon"]
[Black "Brown, Michael William"]
[Result "1/2-1/2"]
[WhiteElo "2397"]
[BlackElo "2512"]
[PlyCount "93"]
[EventDate "2018.07.??"]
[EventType "swiss"]
[EventRounds "9"]
[EventCountry "USA"]

1. d4 Nf6 2. c4 e6 3. Nf3 Bb4+ 4. Nbd2 d6 5. a3 Bxd2+ 6. Qxd2 a5 7. b3 Qe7 8.
Bb2 Nbd7 9. e3 b6 10. Be2 Bb7 11. O-O O-O 12. Qc2 e5 13. Rad1 Rfe8 14. d5 b5
15. e4 b4 16. Nd2 Nc5 17. a4 Rad8 18. g3 Bc8 19. f3 Bh3 20. Rf2 h5 21. Bf1 Bc8
22. h4 Rf8 23. Bg2 Rde8 24. Re1 Qd8 25. Nf1 Nh7 26. f4 Nf6 27. Ne3 Ng4 28. Nxg4
Bxg4 29. fxe5 dxe5 30. Bc1 Qd6 31. Be3 Rc8 32. Ref1 c6 33. Rd2 cxd5 34. Rxd5
Qe7 35. Rb1 f5 36. Bxc5 Rxc5 37. Qf2 Rc6 38. exf5 Bxf5 39. Re1 Be4 40. Qe3 Bxg2
41. Kxg2 Qf7 42. Rxe5 Rf6 43. Re8 Rf2+ 44. Kg1 Rf3 45. Rxf8+ Qxf8 46. Qe5 Qf7
47. Qe8+ 1/2-1/2

[Event "46th World Open"]
[Site "Philadelphia"]
[Date "2018.07.06"]
[Round "5"]
[White "Kretchetov, Alexandre"]
[Black "Kong, Dezheng"]
[Result "0-1"]
[WhiteElo "2242"]
[BlackElo "2062"]
[PlyCount "104"]
[EventDate "2018.07.??"]
[EventType "swiss"]
[EventRounds "9"]
[EventCountry "USA"]

1. d4 Nf6 2. Bg5 e6 3. e3 Be7 4. Bd3 b6 5. Nd2 Bb7 6. Ngf3 c5 7. c3 d6 8. h3
Nbd7 9. Qe2 O-O 10. Bf4 Re8 11. Bh2 Rc8 12. e4 cxd4 13. cxd4 e5 14. d5 Nh5 15.
g3 f5 16. O-O fxe4 17. Nxe4 Nhf6 18. Nfg5 Bxd5 19. Ba6 Nxe4 20. Nxe4 Rc7 21.
Rfd1 Qa8 22. f3 Nf6 23. Re1 Nxe4 24. fxe4 Be6 25. g4 Bf6 26. Rad1 Rd8 27. a3
Qc6 28. Bg3 Bc4 29. Bxc4+ Qxc4 30. Rd3 Rdc8 31. Red1 Be7 32. Be1 Qa2 33. R3d2
Rc1 34. Kg2 Rxd1 35. Rxd1 Qc4 36. Qxc4+ Rxc4 37. Kf3 Kf7 38. Bc3 Ke6 39. Rd5
Rc8 40. Ke2 Rc5 41. Rd1 a5 42. Rf1 h6 43. Rf5 Bf6 44. Rf1 Rc4 45. Kd3 d5 46.
exd5+ Kxd5 47. Rf5 Rf4 48. Rh5 Bg5 49. h4 g6 50. hxg5 gxh5 51. gxh6 hxg4 52. h7
Rf3+ 0-1

[Event "46th World Open"]
[Site "Philadelphia"]
[Date "2018.07.06"]
[Round "5"]
[White "Li, Max J"]
[Black "Shmeliov, Denis"]
[Result "0-1"]
[WhiteElo "1788"]
[BlackElo "2460"]
[PlyCount "91"]
[EventDate "2018.07.??"]
[EventType "swiss"]
[EventRounds "9"]
[EventCountry "USA"]

1. e4 c6 2. d4 d5 3. Nc3 dxe4 4. Nxe4 Bf5 5. Ng3 Bg6 6. Nf3 Nd7 7. c3 e6 8. Be2
Bd6 9. Bg5 Qc7 10. Nh4 Ngf6 11. Nxg6 hxg6 12. Qd3 Qa5 13. Bd2 O-O-O 14. b4 Qc7
15. O-O-O e5 16. Be3 exd4 17. Bxd4 Ne5 18. Qc2 c5 19. Bxe5 Bxe5 20. Rxd8+ Rxd8
21. Bf3 Bf4+ 22. Kb1 Rd2 23. Qb3 c4 24. Qa3 Qd6 25. Re1 Qd3+ 26. Ka1 Rxf2 27.
b5 Bd6 28. Qa5 Rxa2+ 29. Kxa2 Qd2+ 30. Kb1 Qxe1+ 31. Kc2 Bxg3 32. hxg3 Ne4 33.
Bxe4 Qxe4+ 34. Kc1 Qe1+ 35. Kb2 Qf2+ 36. Ka3 Qc5+ 37. Qb4 b6 38. Ka4 Kb7 39. g4
g5 40. Ka3 a5 41. bxa6+ Kxa6 42. Qxc5 bxc5 43. Ka4 Kb6 44. Ka3 Kb5 45. Kb2 Kc6
46. Ka3 0-1